00199nam a2200073 4500082002100000245005800021260003700079300000900116 aG1x54 In2m/2019  aMembers of seventeenth Loksabha: A brief introduction a2019bLoksabha Secretariatc2019 a332p